000 00502nam a2200193Ia 4500
003 0100
008 130227s9999 xx 000 0 und d
040 _cARRUPELIB
050 _aBT83.57B35 1990
100 _aBanana, Canaan
_931861
245 4 _aThe gospel according to the ghetto
260 _aGweru
260 _bMambo Press
300 _axvi
300 _b 195p. 18cm.
650 _b Liberation theology.
650 _cChurch and social problems
_zZimbabwe
_95792
942 _2lcc
_03
_cMONOGRAPH
999 _c5994
_d5994